| 000 | 00432nam a2200157Ia 4500 | ||
|---|---|---|---|
| 008 | 240729s9999 xx 000 0 und d | ||
| 022 | _a2229-5488 | ||
| 245 | 0 | _aPerspectives in Clinical Research | |
| 260 | _aIndia | ||
| 260 | _bWolters Kluwer Medknow Publications | ||
| 650 | _a Medicine (General) | ||
| 650 | _aMedicine | ||
| 856 | _uhttps://doaj.org/toc/8ab65a02ae77455db24b690816326b80 | ||
| 942 | _2ddc | ||
| 942 | _cDOAJEJ | ||
| 999 |
_c71793 _d71793 |
||
| 945 |
_a1 _bMadushi Gamage _c1 _dMadushi Gamage |
||